000 00732nam a2200265Ia 4500
003 OSt
005 20221005062304.0
006 a|||||r|||| 00| 0
007 ta
008 221004b |||||||| |||| 00| 0 eng d
020 _a9780415613484 (pbk)
_cGift
024 _a43908
037 _bGift, 29/05/2019,
_cTextual
040 _aCRL
_cCRL
_beng
041 _2eng
_aeng
082 _aP:795, P0
100 _aVenuti Lawrence Ed.
245 0 _aTranslation studies reader
250 _a3rd
260 _aLondon
_bRoutledge UK
_c2000
300 _ax,546p.
_ccm.
650 _aTRANSLATING AND INTERPRETING
942 _hP:795, P0
_cTEXL
_2cc
999 _c969466
_d969466